01132cam a22003014a 45000010009000000050017000090080041000260100017000670200018000840400018001020420008001200500024001282450110001522600046002623000027003084400029003355040051003646500017004156500051004326500027004836500035005106500014005457000016005599060045005759420036006209990017006569520157006731412934020220105110213.0051001s2006 nyu b 001 0 eng  a 2005053697 a9780895033581 aDLCcDLCdDLC apcc00aHQ 1061 .A4274 200600aAging, globalization, and inequality :bthe new critical gerontology /cedited by Jan Baars ... [et al.]. aAmityville, N.Y. :bBaywood Pub.,cc2006. aviii, 291 p. ;c24 cm. 0aSociety and aging series aIncludes bibliographical references and index. 0aGerontology. 0aOlder peoplexSocial conditionsy21st century. 0aAgingxSocial aspects. 0aGlobalizationxSocial aspects. 0aEquality.1 aBaars, Jan. a7bcbccorignewd1eocipf20gy-gencatlg 2lcccBOOKShHQ 1061 .A4274 2006 c30999d30999 00102lcc4070aMUCbMUCcGENd2022-01-05eRattansi Educational Trust (Donation)g7495.69l0oHQ 1061 .A4274 2006p23665r2022-01-12w2022-01-05yBOOKS